000 00753ata a2200289 4500
005 20251030185226.0
008 150609b1993 xxu||||| |||| 00| 0 eng d
020 _a0721643744
041 _aING
082 _a611.314 A819a7
100 _aAsh, Major
_918064
100 _aNelson, Stanley
_924112
245 _aDental anatomy, physiology and occlusion
250 _a7 edición
260 _aEstados Unidos
260 _bW.B. Saunders Company
260 _c1993
300 _a 478 páginas
300 _bIlustraciones a blanco y negro
490 _aMecánica Dental
650 _aANATOMÍA DENTAL
650 _aDIENTES
650 _aFISIOLOGÍA
650 _aOCLUSIÓN
650 _aESTRUCTURAS ÓSEAS DENTALES
942 _cBK
_2ddc
999 _c9559
_d9559